000
00251nam a2200109Ia 4500
008
240625s9999 xx 000 0 und d
041
_a
eng
082
_a
658.4022 DUA
100
_a
DUARTE DEBORAH L
245
_a
MASTERING VIRTUAL TEAMS
260
_c
2006
999
_c
35190
_d
35190